Zivilgesetzbuch der Deutschen Demokratischen Republik mit Einführungsgesetz : Textausgabe mit Sachregister /
Saved in:
| Corporate Authors: | , |
|---|---|
| Format: | Book |
| Language: | German |
| Published: |
Berlin :
Staatsverlag der Deutschen Demokratischen Republik,
1975.
|
| Edition: | 1. Aufl. |
| Subjects: | |
| Tags: |
Add Tag
No Tags, Be the first to tag this record!
|
| LEADER | 00832cam a2200265 i 4500 | ||
|---|---|---|---|
| 001 | 005295960-0 | ||
| 005 | 20020606095253.2 | ||
| 008 | 761029s1975 gw 001 0 ger | ||
| 010 | |a 76478520 //r912 | ||
| 015 | |a GDR*** | ||
| 020 | |c 1.80M | ||
| 035 | 0 | |a ocm02598351 | |
| 040 | |a DLC |c DLC |d HVL | ||
| 043 | |a e-ge--- | ||
| 082 | 0 | |a 340/.09431 | |
| 110 | 1 | |a Germany (East) | |
| 245 | 1 | 0 | |a Zivilgesetzbuch der Deutschen Demokratischen Republik mit Einführungsgesetz : |b Textausgabe mit Sachregister / |c hrsg. vom Ministerium der Justiz. |
| 250 | |a 1. Aufl. | ||
| 260 | |a Berlin : |b Staatsverlag der Deutschen Demokratischen Republik, |c 1975. | ||
| 300 | |a 128 p. ; |c 24 cm. | ||
| 500 | |a Includes index. | ||
| 650 | 0 | |a Civil law |z Germany (East) | |
| 710 | 1 | |a Germany (East). |b Ministerium der Justiz | |
| 988 | |a 20020608 | ||
| 906 | |0 DLC | ||


